| 000 | 01418nam2a22002291 4500 | ||
|---|---|---|---|
| 001 | v19\rc\1257159 | ||
| 005 | 20250618000708.0 | ||
| 035 | _a(NLR Aleph) 004412229 | ||
| 090 |
_a4022097 _c4022097 |
||
| 100 | _a20060306d1905 |||y0rusy50 ca | ||
| 101 | 0 | _arus | |
| 102 | _aRU | ||
| 105 | _ay z ||||| | ||
| 200 | 0 | _a... созванному на 5/18 января 1905 года | |
| 210 |
_dценз. 1905 _aБ. м. |
||
| 215 | _a9 с. | ||
| 461 | 0 |
_1001v19\rc\1257154 _12001#$a[Доклады Правления Общества южно-русской каменноугольной промышленности чрезвычайным и обыкновенным общим собранием акционеров...$v... созванному на 5/18 января 1905 года$90 _94022034 _aОбщество южно-русской каменноугольной промышленности (Петербург) _cСанкт-Петербург] _dценз. 1891-1905 _p13-29 с. _t[Доклады Правления Общества южно-русской каменноугольной промышленности чрезвычайным и обыкновенным общим собранием акционеров... _v... созванному на 5/18 января 1905 года$90 |
|
| 801 | 0 |
_aRU _bNLR _gpsbo |
|
| 801 | 1 |
_aRU _bProSoft-M _2rusmarc |
|
| 852 |
_aNLR _j34.53.3.1371 |
||
| 942 | _cBOOK | ||
| 980 | _aNB | ||